<?xml version="1.0" encoding="UTF-8"?>
<record
    xmlns:xsi="http://www.w3.org/2001/XMLSchema-instance"
    xsi:schemaLocation="http://www.loc.gov/MARC21/slim http://www.loc.gov/standards/marcxml/schema/MARC21slim.xsd"
    xmlns="http://www.loc.gov/MARC21/slim">

  <leader>01913nam a2200181Ia 4500</leader>
  <datafield tag="999" ind1=" " ind2=" ">
    <subfield code="c">37225</subfield>
    <subfield code="d">37225</subfield>
  </datafield>
  <datafield tag="041" ind1=" " ind2=" ">
    <subfield code="a">English</subfield>
  </datafield>
  <datafield tag="082" ind1=" " ind2=" ">
    <subfield code="a">RS.0920</subfield>
  </datafield>
  <datafield tag="100" ind1=" " ind2=" ">
    <subfield code="a">Sharde, Vikas</subfield>
    <subfield code="u">Dept of Sociology, Faculty of Social Science, Banaras Hindu University </subfield>
    <subfield code="v">Varanasi</subfield>
  </datafield>
  <datafield tag="245" ind1=" " ind2="0">
    <subfield code="a">Socio-economic status of customer care executive (A socio-scientific study based on telecom companies in the district of varanasi) / </subfield>
    <subfield code="c">Vikas Sharde</subfield>
  </datafield>
  <datafield tag="260" ind1=" " ind2=" ">
    <subfield code="a">New Delhi : </subfield>
    <subfield code="b">ICSSR,</subfield>
    <subfield code="c">2015</subfield>
  </datafield>
  <datafield tag="300" ind1=" " ind2=" ">
    <subfield code="a">189p. ;</subfield>
  </datafield>
  <datafield tag="504" ind1=" " ind2=" ">
    <subfield code="a">Include bibliographical references.</subfield>
  </datafield>
  <datafield tag="520" ind1=" " ind2=" ">
    <subfield code="a">The study is based on a theoretical perspective, and it aims to expand the view on customer care by exploring different aspects of the life of customer care executives.

The text highlights the growth of call centers in India, with over 4000 call centers established in the telecom sector alone. The study also examines the socio-economic perspective of the respondents, including their age, caste, religion, education, monthly income, and occupation.

The research design section describes the problem of study, objectives, methodology, selection of call centers, source of data collection, and limits of the study. The subsequent chapters delve into different aspects of the respondents' lives, such as the family's view of their job, their roles and responsibilities, and problems they face, including role conflict and stress.

The text acknowledges that the changing environment and time may lead to conflicts in the present views, and therefore, the results of the study may not be universal. Overall, the research study provides insights into the telecom sector's customer care centers in India, including their growth, socio-economic impact, and the challenges faced by customer care executives.</subfield>
  </datafield>
  <datafield tag="536" ind1=" " ind2=" ">
    <subfield code="a">Indian Council of Social Science Research.</subfield>
  </datafield>
  <datafield tag="546" ind1=" " ind2=" ">
    <subfield code="a">English</subfield>
  </datafield>
  <datafield tag="650" ind1=" " ind2=" ">
    <subfield code="a">Customer Care </subfield>
    <subfield code="v">Social Status</subfield>
    <subfield code="x">Sociology</subfield>
    <subfield code="z">Varansi , U.P - India </subfield>
  </datafield>
  <datafield tag="942" ind1=" " ind2=" ">
    <subfield code="c">RP</subfield>
    <subfield code="2">ddc</subfield>
  </datafield>
  <datafield tag="952" ind1=" " ind2=" ">
    <subfield code="0">0</subfield>
    <subfield code="1">0</subfield>
    <subfield code="4">0</subfield>
    <subfield code="7">1</subfield>
    <subfield code="8">PDF</subfield>
    <subfield code="a">NASSDOC</subfield>
    <subfield code="b">NASSDOC</subfield>
    <subfield code="d">2022-10-11</subfield>
    <subfield code="e">Gifted by: Research Fellowship Division</subfield>
    <subfield code="l">0</subfield>
    <subfield code="o">RS.0920</subfield>
    <subfield code="p">52428</subfield>
    <subfield code="r">2022-10-11 00:00:00</subfield>
    <subfield code="y">RP</subfield>
  </datafield>
</record>
